LOST: Sawyer Nicknames Quiz Stats

 Plays Quiz Updated May 14, 2019

Support Sporcle.
Go Orange.
Score 0/16 Timer 03:00
0 Plays Today
Nickname Character % Correct
FrecklesKate
98.6%
International House of PancakesHurley
94.7%
Cool HandJack
92.9%
Tokyo RoseSun
87.3%
KatoJin
83.7%
Reject From VH1 Has-BeensCharlie
78.3%
YodaBenjamin Linus
70.4%
FrenchyDanielle Rousseau
53.8%
Nickname Character % Correct
ShaftMr. Eko
47.8%
RambinaAna Lucia Cortez
44.8%
ScottyDesmond Hume
40.1%
Moonbeam or ShrinkLibby
34.6%
Sally SlingshotAlexandra Linus
29.8%
Norma RaeBernard Nadler
23.8%
DongerMiles
21.2%
Big Bad WolfHimself
15.1%

You're not logged in!

Compare scores with friends on all Sporcle quizzes.
OR
Log In

From the Vault

Literary Character Surnames Multiple Choice

by bobinwilder1

This seems like something you'd find on a poorly made high school literature exam.
Remove Ads.
Support Sporcle.
Get the best of Sporcle when you Go Orange. This ad-free experience offers more features, more stats, and more fun while also helping to support Sporcle. Thank you for becoming a member.

Show Comments

Extras

Top Quizzes Today


Score Distribution

Your Account Isn't Verified!

In order to create a playlist on Sporcle, you need to verify the email address you used during registration. Go to your Sporcle Settings to finish the process.

Report this User

Report this user for behavior that violates our Community Guidelines.

Details: